<?xml version="1.0" encoding="UTF-8"?>
<record
    xmlns:xsi="http://www.w3.org/2001/XMLSchema-instance"
    xsi:schemaLocation="http://www.loc.gov/MARC21/slim http://www.loc.gov/standards/marcxml/schema/MARC21slim.xsd"
    xmlns="http://www.loc.gov/MARC21/slim">

  <leader>00315    a2200145   4500</leader>
  <datafield tag="020" ind1=" " ind2=" ">
    <subfield code="a">2-04-011064-x</subfield>
  </datafield>
  <datafield tag="040" ind1=" " ind2=" ">
    <subfield code="a">ULA-LD-MS</subfield>
  </datafield>
  <datafield tag="082" ind1=" " ind2=" ">
    <subfield code="a">72</subfield>
    <subfield code="b">72</subfield>
  </datafield>
  <datafield tag="100" ind1=" " ind2=" ">
    <subfield code="9">1189</subfield>
    <subfield code="a">MOORE,CH</subfield>
  </datafield>
  <datafield tag="245" ind1=" " ind2=" ">
    <subfield code="a">L ARCHITECTURE SENSIBLE </subfield>
  </datafield>
  <datafield tag="260" ind1=" " ind2=" ">
    <subfield code="a">Paris,</subfield>
    <subfield code="b">dunod</subfield>
    <subfield code="c">1981.</subfield>
  </datafield>
  <datafield tag="300" ind1=" " ind2=" ">
    <subfield code="a">187p</subfield>
  </datafield>
  <datafield tag="650" ind1=" " ind2=" ">
    <subfield code="a">Arquitectura </subfield>
  </datafield>
  <datafield tag="942" ind1=" " ind2=" ">
    <subfield code="c">Livros</subfield>
  </datafield>
  <datafield tag="999" ind1=" " ind2=" ">
    <subfield code="c">2362</subfield>
    <subfield code="d">2362</subfield>
  </datafield>
  <datafield tag="952" ind1=" " ind2=" ">
    <subfield code="0">0</subfield>
    <subfield code="1">0</subfield>
    <subfield code="2">ddc</subfield>
    <subfield code="4">0</subfield>
    <subfield code="7">0</subfield>
    <subfield code="a">ISPLB</subfield>
    <subfield code="b">ISPLB</subfield>
    <subfield code="d">2026-06-29</subfield>
    <subfield code="i">14(1)</subfield>
    <subfield code="l">0</subfield>
    <subfield code="o">72</subfield>
    <subfield code="p">2026-0218</subfield>
    <subfield code="r">2026-06-29</subfield>
    <subfield code="w">2026-06-29</subfield>
    <subfield code="y">Livros</subfield>
  </datafield>
</record>
